|
|
|
|
| LEADER |
00000nam0a2200000 4500 |
| 001 |
375114 |
| 005 |
20231102012716.0 |
| 035 |
|
|
|a (RuTPU)RU\TPU\retro\32549
|
| 035 |
|
|
|a RU\TPU\book\250956
|
| 090 |
|
|
|a 375114
|
| 100 |
|
|
|a 20221220d1949 k y0rusy50 ca
|
| 101 |
0 |
|
|a rus
|
| 102 |
|
|
|a RU
|
| 105 |
|
|
|a a z 001zy
|
| 200 |
1 |
|
|a Измерение показателей преломления под микроскопом иммерсионным методом
|f Н. М. Меланхолин
|g Академия наук СССР (АН СССР), Институт кристаллографии им. А. В. Шубникова (ИК)
|
| 210 |
|
|
|a Москва
|c Изд-во АН СССР
|d 1949
|
| 317 |
|
|
|5 63413507: КР-148
|a Поступила в НТБ в составе книжного собрания профессора ТПИ К. В. Радугина 4.11.2004 г.
|
| 320 |
|
|
|a Библиогр.: с. 97-100.
|
| 606 |
1 |
|
|a Кристаллооптика
|2 stltpush
|3 (RuTPU)RU\TPU\subj\16339
|9 42438
|
| 610 |
1 |
|
|a горные породы
|
| 610 |
1 |
|
|a преломление
|
| 610 |
1 |
|
|a показатели
|
| 610 |
1 |
|
|a иммерсионные методы
|
| 610 |
1 |
|
|a двойные вариации
|
| 610 |
1 |
|
|a массовые измерения
|
| 610 |
1 |
|
|a твердые тела
|
| 610 |
1 |
|
|a жидкости
|
| 610 |
1 |
|
|a иммерсионные среды
|
| 610 |
1 |
|
|a библиотека К. В. Радугина
|
| 675 |
|
|
|a 548.0:535
|v 3
|
| 700 |
|
1 |
|a Меланхолин
|b Н. М.
|
| 712 |
0 |
2 |
|a Академия наук СССР (АН СССР)
|b Институт кристаллографии им. А. В. Шубникова (ИК)
|c (Москва)
|2 stltpush
|3 (RuTPU)RU\TPU\col\11554
|
| 801 |
|
1 |
|a RU
|b 63413507
|c 20130118
|
| 801 |
|
2 |
|a RU
|b 63413507
|c 20221220
|g RCR
|
| 942 |
|
|
|c BK
|